000 00984nmc a2200349 a 4500
003 AR-BaBNM
005 20251128203518.0
008 296019s1971 ||||||||||||||000 | spa||
040 _cAR-BaBNM
245 1 0 _aJohn Dewey
_bvisión e influencia de un pedagogo
250 _a1ª ed.
260 _aBuenos Aires
_bNova
_c1971
300 _a210 p.
490 0 _aBiblioteca Nova de educación
500 _aContiene prefacio por cada compilador
600 1 4 _aBenjamin, Harold R.W.
600 1 4 _aChilds, John L.
600 1 4 _aAxtelle, George E.
600 1 4 _aBrickman, William W.
650 4 _aHISTORIA DE LA EDUCACION
650 4 _aFILOSOFIA DE LA EDUCACION
651 4 _aURSS
651 4 _aChina
653 _aPEDAGOGOS
653 _aEDUCACION SECUNDARIA
700 1 _aLawson, Douglas E.
_ecompilador
700 1 _aLean, Arthur E.
_ecompilador
700 1 _aRivero, Denise
_etraductor
800 1 _aPiérola, Raúl A.
_edirector
942 _cBK
998 _cCarmen
999 _c3718
_d3718